| 000 | 01554cam a2200313 i 4500 | ||
|---|---|---|---|
| 001 | 17745746 | ||
| 003 | NUST | ||
| 005 | 20221115122607.0 | ||
| 008 | 130520s2013 nyua b 001 0 eng | ||
| 010 | _a 2013015637 | ||
| 020 | _a9780071621274 (hardcover: alk. paper) | ||
| 040 |
_aDLC _beng _cDLC _erda |
||
| 042 | _apcc | ||
| 050 | 0 | 0 |
_aTK6592.O94 _bF33 2013 |
| 082 | 0 | 0 |
_a621.3848, FAB _223 |
| 100 | 1 |
_aFabrizio, Giuseppe Aureliano, _eauthor. _969552 |
|
| 245 | 1 | 0 |
_aHigh frequency over-the-horizon radar : _bfundamental principles, signal processing, and practical applications / _cGiuseppe Aureliano Fabrizio. |
| 250 | _aFirst edition. | ||
| 264 | 1 |
_aNew York : _bMcGraw-Hill Education, _c[2013] |
|
| 300 |
_axxii, 922 pages : _billustrations ; _c24 cm |
||
| 336 |
_atext _2rdacontent |
||
| 337 |
_aunmediated _2rdamedia |
||
| 338 |
_avolume _2rdacarrier |
||
| 505 | 0 | _aIntroduction (Page-1), Skywave propagation (Page-45),System characteristics (Page-121),Conventional processing (Page-215),Surface-wave radar (Page-323),Wave-interference model (Page-433),Statistical signal model (Page-475),HF channel simulator (Page-523),Interference cancellation analysis (Page-555),Adaptive beamforming (Page-583),Space-time adaptive processing (Page-651),GLRT detection schemes (Page-707),Blind waveform estimation (Page-771). | |
| 650 | 0 |
_aOver-the-horizon radar. _9102631 |
|
| 906 |
_a7 _bcbc _corignew _d1 _eecip _f20 _gy-gencatlg |
||
| 942 |
_2ddc _cBK |
||
| 999 |
_c592311 _d592311 |
||